Malls & Department Stores

Salvato in:
Dettagli Bibliografici
Autore principale: Uffelen, Christian van (Autore)
Natura: Libro
Lingua:inglese
Pubblicazione: Berlin : Braun, 2008
Soggetti:
Tags: Aggiungi Tag
Nessun Tag, puoi essere il primo ad aggiungerne!!

MARC

LEADER 00000nam a22000003a 4500
001 stu236992
005 20150617230141.8
008 111024s2008------------------------eng-d
020 |a 978-3-938780-27-5 
040 |a STU  |b slo 
041 0 |a eng 
100 1 |a Uffelen, Christian van  |4 aut 
245 1 |a Malls & Department Stores 
260 |a Berlin :  |b Braun,  |c 2008 
300 |a 413 s 
650 7 |a department store  |2 estusub 
650 7 |a obchodné centrá  |2 stusub 
650 7 |a obchody-butiky  |2 stusub 
996 |b 284AU04997  |c A*7715 U  |l AAKNST  |s P  |a 0  |w stu236992_0001